| 000 | 00624nam a22001817a 4500 | ||
|---|---|---|---|
| 005 | 20230921142333.0 | ||
| 010 | _aENG-135775 | ||
| 020 | _c120.00 | ||
| 035 | _aEN-119307 | ||
| 037 | _bDBAD/PUB | ||
| 082 | _a746.95451 | ||
| 100 |
_aSharma,Jayanta Deva _957286 |
||
| 245 |
_aTraditional Textile Design of Assam: _blts Preservatgion/ _cBy Sharma Jayanta Deva |
||
| 260 |
_aGuwahati _bPragjyotishpur Sahitya Sabha _c2018 |
||
| 270 |
_bGuwahati _e781014 _aGauhati University Campus,guwahati-14(assam) _manshpublication1973@gmail.com |
||
| 300 |
_a100p. _c21cm(hb) |
||
| 942 |
_2ddc _cEN _h746.95451 _mSAR |
||
| 999 |
_c194309 _d194309 |
||